000 00641cab a22001935a 4500
001 L147155
008 090325e20090403xxk f 000 0 eng d
035 _a(Sirsi) u147155
041 0 _aeng
100 1 _aLever, Jon
245 0 0 _aAPC advice
260 _c2009
490 0 _aProperty Week
_v75(14) 3 April 2009, 38(1)
520 _aDiscusses the conclusion to the 18-month supervisor and counsellor review. Stresses the importance of concluding the meeting properly.
590 _aKA
651 4 _aUnited Kingdom
_y
690 _aCAREERS, EDUCATION AND TRAINING-QUALIFICATION ROUTES-ASSESSMENT OF PROFESSIONAL COMPETENCE
942 _n0
999 _c81408
_d81408